History Quiz

Random History or Country Quiz

Countries that 'shaked n' shooked' Quiz Stats

Quiz not verified by Sporcle

Challenge
Share
Tweet
Embed
Score 0/134 Timer 12:00
0 Plays Today
Date of Largest Earthquake Country % Correct
March 11th, 2011Japan
94.6%
August 15th, 1950China
93.5%
March 28th, 1964United States of America
93.5%
August 22nd, 1949Canada
91.4%
August 26th, 1977United Kingdom
90.3%
December 26th, 1939Turkey
88.2%
November 4th, 1952Russia
88.2%
May 22nd, 1960Chile
87.1%
September 19th, 1985Mexico
86%
January 15th, 1934India
86%
December 26th, 2004Indonesia
86%
April 29th, 1941Australia
84.9%
March 29th, 1954Spain
84.9%
June 23rd, 2001Peru
84.9%
January 13th, 1915Italy
83.9%
June 20th, 2003Brazil
83.9%
December 19th, 1981Greece
82.8%
October 20th, 1986New Zealand
81.7%
November 22nd, 1995Egypt
80.6%
January 15th, 1944Argentina
79.6%
May 16th, 1995France
79.6%
September 11th, 1996Germany
77.4%
February 28th. 1969Portugal
77.4%
July 31st, 1970Colombia
77.4%
September 16th, 1978Iran
76.3%
January 12th, 2010Haiti
75.3%
January 24th, 1948Philippines
75.3%
September 29th, 1969South Africa
74.2%
February 12th, 1994Malaysia
73.1%
June 24th, 1983Vietnam
73.1%
May 19th, 2009Saudi Arabia
72%
February 19th, 1976Cuba
72%
April 22nd, 1983Thailand
72%
April 22nd, 1991Costa Rica
72%
November 27th, 1945Pakistan
72%
May 29th, 2004South Korea
71%
July 31st, 2002Panama
71%
December 12th, 1979Ecuador
71%
August 24th, 1984Israel
69.9%
May 16th, 2007Laos
69.9%
July 9th, 1997Venezuela
69.9%
March 23rd, 1971Norway
68.8%
November 14th, 1986Taiwan
68.8%
September 29th, 1973North Korea
67.7%
March 9th, 1994Fiji
67.7%
Date of Largest Earthquake Country % Correct
September 2nd, 1992Nicaragua
67.7%
October 10th, 1980Algeria
67.7%
July 29th, 1980Nepal
66.7%
December 29th, 1999Switzerland
65.6%
December 24th, 1996Syria
65.6%
February 29th, 1960Morocco
65.6%
December 13th, 1982Yemen
65.6%
December 30th, 1983Afghanistan
65.6%
March 13th, 1990Kenya
64.5%
October 27th, 1964Austria
64.5%
August 6th, 1983Poland
64.5%
January 13th, 1976Iceland
64.5%
March 19th, 1984Uzbekistan
64.5%
November 10th, 1940Romania
64.5%
February 4th, 1976Guatemala
64.5%
December 4th, 1957Mongolia
64.5%
June 9th, 1998Bolivia
64.5%
February 28th, 1989Paraguay
63.4%
June 12th, 1989Bangladesh
63.4%
November 21st, 2004Dominica
63.4%
August 4th, 1946Dominican Republic
63.4%
October 9th, 1966Sudan
62.4%
March 3rd, 1971Oman
62.4%
January 13th, 1993Jamaica
62.4%
July 11th, 1999Honduras
62.4%
May 20th, 1990South Sudan
62.4%
July 10th, 1949Tajikistan
62.4%
March 11th, 2002United Arab Emirates
61.3%
May 3rd, 1980Somalia
61.3%
June 12th, 1992Tunisia
61.3%
May 18th, 1980Serbia
61.3%
February 13th, 1966Kazakhstan
61.3%
March 29th, 1969Ethiopia
61.3%
November 25th, 2000Azerbaijan
61.3%
August 6th, 1988Myanmar
61.3%
October 5th, 1948Turkmenistan
61.3%
September 12th, 1979Papua New Guinea
61.3%
October 24th, 1976Belgium
60.2%
December 7th, 1986Bulgaria
60.2%
May 13th, 1986Georgia
60.2%
April 12th, 1998Slovenia
60.2%
December 7th, 1988Armenia
60.2%
September 29th, 2009Samoa
60.2%
October 14th, 1998Denmark
59.1%
February 11th, 2004Jordan
59.1%
Date of Largest Earthquake Country % Correct
March 16th, 1956Lebanon
59.1%
October 2nd, 2000Tanzania
59.1%
March 20th, 1966Democratic Republic of the Congo
59.1%
August 19th, 1992Kyrgyzstan
59.1%
March 22nd, 1982Marshall Islands
58.1%
May 11th, 1963Libya
58.1%
April 21st, 1991Madagascar
58.1%
October 26th, 1969Bosnia and Herzegovina
57%
June 22nd, 1977Tonga
57%
January 13th, 2001El Salvador
57%
July 26th, 1963Macedonia
55.9%
November 30th, 1967Albania
55.9%
April 13th, 1964Croatia
54.8%
February 23rd, 1995Cyprus
54.8%
April 15th, 1979Montenegro
54.8%
February 22nd, 2006Mozambique
54.8%
July 20th, 1975Solomon Islands
54.8%
October 19th, 2001Angola
53.8%
December 28th, 1973Vanuatu
53.8%
March 27th, 1964Bhutan
52.7%
September 25th, 1963Zimbabwe
51.6%
August 7th, 1995Federated States of Micronesia
51.6%
August 14th, 2002Palau
51.6%
July 31st, 2009Namibia
50.5%
August 7th, 2011St. Lucia
49.5%
May 23rd, 1982Kiribati
49.5%
May 15th, 1968Zambia
49.5%
March 10th, 1988Trinidad and Tobago
49.5%
March 16th, 1985St. Kitts and Nevis
49.5%
November 5th, 1997Maldives
48.4%
February 5th, 1994Uganda
47.3%
April 24th, 2002Kosovo
45.2%
February 14th, 2008Rwanda
44.1%
May 21st, 2000Comoros
43%
August 20th, 1989Djibouti
43%
March 5th, 1998Republic of the Congo
41.9%
June 12th, 2011Eritrea
41.9%
May 14th, 1995Timor-Leste
40.9%
October 8th, 1974Antigua and Barbuda
40.9%
March 10th, 1989Malawi
38.7%
January 29th, 1978Burundi
37.6%
September 18th, 1998Cape Verde
31.2%
December 22nd, 1983Guinea
31.2%
September 23rd, 1974Gabon
30.1%

You're not logged in!

Compare scores with friends on all Sporcle quizzes.
Sign Up with Email
OR
Log In

You Might Also Like...

Show Comments

Extras

Top Quizzes Today


Score Distribution

Your Account Isn't Verified!

In order to create a playlist on Sporcle, you need to verify the email address you used during registration. Go to your Sporcle Settings to finish the process.